Personajes del MCU con película propia - ¡Muerte súbita! - Estadísticas

Estadísticas generales
  • Esta prueba ha sido intentada 3.232 veces
  • La puntuación promedio es 8 de 11
Answers on the Grid
Answers color-coded by a green-red scale on the quiz's grid according to % correct below.
Ant-Man
Black Panther / Pantera Negra
Black Widow / Viuda Negra
Capitán América
Capitana Marvel
Colossus / Coloso
Doctor Strange
Drax
Gamora
Groot
Hulk
Iron Man
Loki
Luke Cage
Nick Fury
Quicksilver
Shang-Chi
Spider-Man
Spider-Woman
Sr. Fantástico / Mr. Fantástico
Star-Lord
Thanos
Thing / La Cosa / La Mole
Thor
 
Estadísticas de respuestas
Respuesta % Correcto
Ant-Man
93%
Capitán América
90%
Black Panther / Pantera Negra
87%
Iron Man
83%
Capitana Marvel
82%
Hulk
81%
Doctor Strange
78%
Black Widow / Viuda Negra
74%
Spider-Man
66%
Thor
64%
Shang-Chi
44%
No se encontraron pruebas coincidentes
Distribución de puntuación
Porcentaje de gente con cada puntuación
Porcentaje por número respondido
Historial de tus puntuaciones
No has intentado esta prueba.